Crafting character : the architectural practice of CHYBIK + KRISTOF /

How can the discipline of architecture be used as a human-centered practice? Crafting Character presents architecture as a spatial dialogue and an exchange between character and audience, book and reader, building and city in a series of fourteen cinematic vignettes. Fourteen cinematic vignettes hig...

Full description

Bibliographic Details
Main Author: Madlener, Adrian (Author)
Other Authors: Betsky, Aaron (writer of foreword.), Giraldeau, François-Luc (Editor)
Format: Book
Language:English
Published: Amsterdam : Frame Publishers, [2023].
Subjects:

MARC

Tag First Indicator Second Indicator Subfields
LEADER 00000cam a2200000 i 4500
001 in00004792137
003 OCoLC
005 20240613201405.3
008 230815t20232023ne ae 000 0 eng d
035 |a (OCoLC)1400089081 
040 |a YDX  |e rda  |c YDX  |d COO  |d BDX 
020 |a 9789492311603  |q paperback 
020 |a 9492311607  |q paperback 
043 |a e-xr--- 
050 4 |a NA2500  |b .M33 2023 
082 0 |a 720.1  |2 23 
100 1 |a Madlener, Adrian,  |e author. 
245 1 0 |a Crafting character :  |b the architectural practice of CHYBIK + KRISTOF /  |c [texts, Adrian Madlener ; foreword by Aaron Betsky ; François-Luc Giraldeau, editor]. 
264 1 |a Amsterdam :  |b Frame Publishers,  |c [2023]. 
264 4 |c ©2023. 
300 |a 301 pages :  |b chiefly color illustrations, plans ;  |c 30 cm. 
336 |a text  |b txt  |2 rdacontent 
336 |a still image  |2 rdacontent 
337 |a unmediated  |b n  |2 rdamedia 
338 |a volume  |b nc  |2 rdacarrier 
520 |a How can the discipline of architecture be used as a human-centered practice? Crafting Character presents architecture as a spatial dialogue and an exchange between character and audience, book and reader, building and city in a series of fourteen cinematic vignettes. Fourteen cinematic vignettes highlight projects as personified characters that have their own histories, dreams, secrets and stories to tell. Each vignette emphasizes this relational culture and the practice of Chybik + Kristof in working with the common bonds within a space as being more important than any individual arguments and divisions within it. The first monograph of the Brno-based studio, this volume marks an exciting collaboration between Chybik + Kristof, Lukas Kijonka and ExLovers Studio, Adrian Madlener and Frame Publishers. With a passion for experimentation from all parties, the resulting pages stand apart from traditional monographs. From the design to the prose, the values of relationality and human-centric approaches are imbued in the pages, creating a cinematic reference guide to the practice of Chybik + Kristof. 
610 2 0 |a CHYBIK + KRISTOF. 
650 0 |a Architecture  |x Philosophy  |v Pictorial works. 
650 0 |a Architecture and philosophy. 
650 0 |a Architectural practice. 
650 0 |a Architectural firms  |z Czech Republic. 
700 1 |a Betsky, Aaron,  |e writer of foreword. 
700 1 |a Giraldeau, François-Luc,  |e editor. 
945 |b 87615 
947 |a A14852493932 
948 |a dmitchel 6/13/24 3.10.20 
980 |b print  |c 40032286969  |f NONFIC/B  |g 565714  |k USD  |m 47.20  |q 1  |s AcqMono Conventional  |t Approval plan  |u Vendor order reference number  |v ZYBP  |y Print approval  |z Physical resource 
999 f f |i 9c7057bb-75a4-4fa9-a69f-9b6822d12491  |s 9d01b14b-27a4-4462-b361-324d29d38be1  |t 0 
952 f f |p normal  |a Texas A&M University  |b College Station  |c Sterling C. Evans Library  |d Evans: Library Stacks  |t 0  |e NA2500 .M33 2023  |h Library of Congress classification  |i unmediated -- volume  |m A14852493932 
998 f f |a NA2500 .M33 2023  |t 0  |l Evans: Library Stacks